00393nam a2200157Ia 4500008004100000082001000041100002000051245002800071250000600099260002600105300000800131600002000139630002800159700002000187730002800207090124s9999 xx 000 0 und d b33861 aASHRAMA ADVAITA aLIFE OF SRI RAMAKISHNA  a1 bADVAITA ASHRAMAc1977 a472 aASHRAMA ADVAITA aLIFE OF SRI RAMAKISHNA  aASHRAMA ADVAITA aLIFE OF SRI RAMAKISHNA